000 00348 a2200145 4500
001 169965
020 _a
040 _cMagnum
100 _aPostic, Marcel
240 1 0 _aPara uma estrategia pedagogica do sucesso escolar
_lpor
245 1 0 _aPara uma estrategia pedagogica do sucesso escolar
362 0 _a1899
697 _aENSINO
942 _cBK
999 _c169965
_d169965